| 000 | 01408nam a22002297a 4500 | ||
|---|---|---|---|
| 001 | 6707 | ||
| 003 | FISKH | ||
| 005 | 20250521124333.0 | ||
| 008 | 250521b cb ||||| |||| 00| 0 eng d | ||
| 040 |
_aFISKH _bkhr _cFISKH _dFISKH |
||
| 082 | _a570 | ||
| 100 | _aSopheak, Van | ||
| 245 |
_aកម្រង សំណួរ-ចម្លើយ ៤៤៤ ជីវវិទ្យា ថ្នាក់ទី១២ គ្រប់មេរៀន / _cរៀបរៀងដោយ : វ៉ាន់ សុភ័ក្រ្ត |
||
| 260 |
_aភ្នំពេញ : _bបាក់ទូក ថតចំលង , _c២០១៦ . |
||
| 300 |
_a109 pages : _billustrations ; _c21 cm . |
||
| 520 | _aសៀវភៅ «សំណួរ-ចំលើយ ជីវវិទ្យា ថ្នាក់ទី ១២» គឺជាវត្ថុអប់រំដ៏មានតម្លៃមួយ ដែលរៀបចំឡើងដើម្បីជួយសិស្សក្នុងការរៀបចំខ្លួនសម្រាប់ការប្រឡងជីវវិទ្យា ថ្នាក់ទី ១២។ | ||
| 520 | _aThe book (Biology Question & Answer for Grade 12) is a valuable resource designed to aid students in preparing for their Grade 12 biology examinations. | ||
| 650 | _aជីវវិទ្យា | ||
| 650 | _aBiology | ||
| 942 |
_2ddc _cKHB _n0 |
||
| 999 |
_c6707 _d6707 |
||